Применение метода АПН к анализу лазерных материалов; Химия и химическая технология; Вып. 1

Xehetasun bibliografikoak
Parent link:Химия и химическая технология: сборник трудов молодых ученых/ Томский политехнический институт ; под ред. В. П. Лопатинского.— , 1973
Вып. 1.— 1973.— С. 68-69
Beste egile batzuk: Пичугина В. М., Зарубина Р. Ф., Джабарова Н. К., Каплин А. А. Анатолий Александрович
Hizkuntza:errusiera
Argitaratua: 1973
Gaiak:
Formatua: MixedMaterials Liburu kapitulua
KOHA link:https://koha.lib.tpu.ru/cgi-bin/koha/opac-detail.pl?biblionumber=595110

MARC

LEADER 00000naa2a2200000 4500
001 595110
005 20231101131836.0
035 |a (RuTPU)RU\TPU\tpu\14339 
090 |a 595110 
100 |a 20080516a1973 k y0rusy50 ca 
101 0 |a rus 
102 |a RU 
200 1 |a Применение метода АПН к анализу лазерных материалов  |f В. М. Пичугина, Р. Ф. Зарубина, Н. К. Джабарова, А. А. Каплин 
461 0 |0 (RuTPU)RU\TPU\retro\35395  |t Химия и химическая технология  |o сборник трудов молодых ученых  |f Томский политехнический институт ; под ред. В. П. Лопатинского  |d 1973 
463 0 |0 (RuTPU)RU\TPU\retro\35396  |t Вып. 1  |f под ред. В. П. Лопатинского  |v С. 68-69  |d 1973  |p 298 с. 
610 1 |a труды учёных ТПУ 
701 1 |a Пичугина  |b В. М. 
701 1 |a Зарубина  |b Р. Ф. 
701 1 |a Джабарова  |b Н. К. 
701 1 |a Каплин  |b А. А.  |c российский химик  |c профессор кафедры аналитической химии ТПИ  |f 1937-1989  |g Анатолий Александрович  |2 stltpush  |3 (RuTPU)RU\TPU\pers\19797 
801 1 |a RU  |b 63413507  |c 20080516  |g PSBO 
801 2 |a RU  |b 63413507  |c 20230425  |g PSBO 
942 |c BK